Si Mamat (Record no. 37099)

MARC details
000 -LEADER
fixed length control field 00733nam a2200265 i 4500
001 - CONTROL NUMBER
control field C2-0126051
003 - CONTROL NUMBER IDENTIFIER
control field PPAK
005 - DATE AND TIME OF LATEST TRANSACTION
control field 20180727115322.0
008 - FIXED-LENGTH DATA ELEMENTS--GENERAL INFORMATION
fixed length control field 970909s1993 my a|||| ||||| | may d
020 ## - INTERNATIONAL STANDARD BOOK NUMBER
International Standard Book Number 9838090050
040 ## - CATALOGING SOURCE
Original cataloging agency PPAK
Language of cataloging eng
Transcribing agency PPAK
Description conventions rda
082 04 - DEWEY DECIMAL CLASSIFICATION NUMBER
Classification number 499.2386
Edition number 23
090 00 - LOCALLY ASSIGNED LC-TYPE CALL NUMBER (OCLC); LOCAL CALL NUMBER (RLIN)
Classification number (OCLC) (R) ; Classification number, CALL (RLIN) (NR) 499.2386
Feature heading SIT
Feature heading K
100 0# - MAIN ENTRY--PERSONAL NAME
Personal name Siti Rosnah Haji Ahmad,
Relator term author
245 10 - TITLE STATEMENT
Title Si Mamat
264 #1 - PRODUCTION, PUBLICATION, DISTRIBUTION, MANUFACTURE, AND COPYRIGHT NOTICE
Place of production, publication, distribution, manufacture Kuala Lumpur :
Name of producer, publisher, distributor, manufacturer Cipta Publishing ,
Date of production, publication, distribution, manufacture, or copyright notice 1993
300 ## - PHYSICAL DESCRIPTION
Extent 41 pages ; 36 pages :
Other physical details illustrations ;
Dimensions 18 cm
336 ## - CONTENT TYPE
Source rdacontent
Content type term text
337 ## - MEDIA TYPE
Source rdamedia
Media type term unmediated
338 ## - CARRIER TYPE
Source rdacarrier
Carrier type term volume
490 1# - SERIES STATEMENT
Series statement Siri melati
650 10 - SUBJECT ADDED ENTRY--TOPICAL TERM
Topical term or geographic name entry element Bahasa Melayu - Readers - Fiction
830 #0 - SERIES ADDED ENTRY--UNIFORM TITLE
Uniform title Siri melati
942 ## - ADDED ENTRY ELEMENTS (KOHA)
-- dc
Koha item type Book
Holdings
Withdrawn Not for loan Current library Shelving location Date acquired Total Checkouts Total Renewals Full call number Barcode Date last seen Date last checked out Koha item type
    Perpustakaan Alor Setar Pinjaman Kanak-kanak 09/09/1997 2 1 K 499.2386 SIT A00059705 06/11/2024 15/10/2024 Book
    Perpustakaan Alor Setar Pinjaman Kanak-kanak 09/09/1997 2   K 499.2386 SIT A00058732 07/08/2024 20/07/2024 Book
    Perpustakaan Alor Setar Pinjaman Kanak-kanak 09/09/1997     K 499.2386 SIT A00059704 08/05/2018   Book
    Perpustakaan Jitra Pinjaman Kanak-kanak 20/11/2003 1   K 499.2386 SIT A00827930 05/10/2019 22/09/2019 Book
    PD30, Bandar Baru Beris Jaya, Sik Pinjaman Kanak-kanak 27/06/2004     K 499.2386 SIT A00315317 08/05/2018   Book